Кн. 2: Вентиляция и кондиционирование воздуха; Справочник по теплоснабжению и вентиляции

Bibliografske podrobnosti
Parent link:Справочник по теплоснабжению и вентиляции/ Р. В. Щекин, С. М. Кореневский, Г. Е. Бем и др.. Кн. 2: Вентиляция и кондиционирование воздуха.— 3-е изд., перераб. и доп..— , 1968-
Jezik:ruščina
Izdano: 1968
Teme:
Format: Knjiga
KOHA link:https://koha.lib.tpu.ru/cgi-bin/koha/opac-detail.pl?biblionumber=55520

MARC

LEADER 00000nam2a2200000 4500
001 55520
005 20231031051729.0
035 |a (RuTPU)RU\TPU\book\58272 
090 |a 55520 
100 |a 20030916d1968 km y0rusy50 ca 
101 0 |a rus 
102 |a UA 
105 |a a g 000zy 
200 0 |a Кн. 2: Вентиляция и кондиционирование воздуха 
210 |d 1968 
215 |a 286 с.  |c ил. 
461 1 |0 (RuTPU)RU\TPU\book\58256  |t Справочник по теплоснабжению и вентиляции  |f Р. В. Щекин, С. М. Кореневский, Г. Е. Бем и др.  |v Кн. 2: Вентиляция и кондиционирование воздуха  |e 3-е изд., перераб. и доп.  |d 1968- 
610 1 |a вентиляция 
610 1 |a кондиционирование 
610 1 |a отопление 
610 1 |a технико-экономические показатели 
610 1 |a справочники 
675 |a 628.832(035)  |v 3 
801 1 |a RU  |b 63413507  |c 20030916  |g PSBO 
801 2 |a RU  |b 63413507  |c 20161212  |g PSBO 
942 |c BK